[Event "Rheinland Pfalz op 5th"]
[Site "Worms"]
[Date "2013.06.02"]
[Round "7"]
[White "Marburger, Martin"]
[Black "Paul, Alexander"]
[Result "1/2-1/2"]
[WhiteElo "1722"]
[BlackElo "1920"]
[PlyCount "44"]
[EventDate "2013.05.30"]
[EventType "swiss"]
[EventRounds "7"]
[EventCountry "GER"]
[SourceTitle "EXT 2014"]
[Source "ChessBase"]
[SourceDate "2013.11.20"]
[SourceVersion "1"]
[SourceVersionDate "2013.11.20"]
[SourceQuality "1"]

1. e4 d5 2. exd5 Qxd5 3. Nc3 Qa5 4. d4 Bf5 5. Bc4 e6 6. Nf3 c6 7. 0-0 Nf6 8. Re1 Bb4 9. Bd2 0-0 10. a3 Bxc3 11. Bxc3 Qc7 12. Bd3 Bxd3 13. Qxd3 Nbd7 14. Ne5 Rfd8 15. Qf3 Nb6 16. Rad1 Na4 17. b3 Nxc3 18. Qxc3 Rac8 19. b4 Rd5 20. Qe3 Rcd8 21. c3 Nd7 22. f4 Nxe5 1/2-1/2

[Event "Saarland-ch A 87th"]
[Site "Voelklingen"]
[Date "2012.04.03"]
[Round "5"]
[White "Holle, Eric"]
[Black "Marburger, Martin"]
[Result "0-1"]
[WhiteElo "1744"]
[BlackElo "1750"]
[PlyCount "40"]
[EventDate "2012.03.30"]
[EventType "swiss"]
[EventRounds "6"]
[EventCountry "GER"]
[SourceTitle "EXT 2013"]
[Source "ChessBase"]
[SourceDate "2012.11.22"]
[SourceVersion "1"]
[SourceVersionDate "2012.11.22"]
[SourceQuality "1"]

1. e4 c5 2. Nf3 Nc6 3. d4 cxd4 4. Nxd4 Nf6 5. f3 d5 6. Nxc6 bxc6 7. e5 Nd7 8. f4 e6 9. Be3 Rb8 10. Nd2 c5 11. Be2 f6 12. exf6 Qxf6 13. b3 Bd6 14. 0-0 0-0 15. Ne4 Qe7 16. Nxd6 Qxd6 17. Bd3 Ba6 18. Rf3 Bxd3 19. Qxd3 e5 20. Rg3 exf4 0-1

[Event "Saarland-ch A 87th"]
[Site "Voelklingen"]
[Date "2012.04.02"]
[Round "4"]
[White "Marburger, Martin"]
[Black "Weidinger, Dietmar"]
[Result "1-0"]
[WhiteElo "1750"]
[BlackElo "1816"]
[PlyCount "77"]
[EventDate "2012.03.30"]
[EventType "swiss"]
[EventRounds "6"]
[EventCountry "GER"]
[SourceTitle "EXT 2013"]
[Source "ChessBase"]
[SourceDate "2012.11.22"]
[SourceVersion "1"]
[SourceVersionDate "2012.11.22"]
[SourceQuality "1"]

1. e4 c6 2. d4 d5 3. f3 e6 4. Nc3 Bb4 5. Bd2 dxe4 6. Nxe4 Bxd2+ 7. Qxd2 Nf6 8. 0-0-0 0-0 9. c3 Nbd7 10. Bd3 b6 11. Qc2 a5 12. c4 Ba6 13. Nh3 b5 14. c5 b4 15. Bxa6 Rxa6 16. Nd6 Nd5 17. Rhe1 N7f6 18. Qe2 Ra7 19. Ng5 a4 20. Nge4 a3 21. b3 Nxe4 22. Nxe4 Qd7 23. Qc4 Qc7 24. Nd6 Qe7 25. g3 Qd8 26. Rd2 Qe7 27. Re5 Qd8 28. g4 Qf6 29. Qf1 Qf4 30. Re4 Qg5 31. Re5 Qf4 32. h4 Nc3 33. Qd3 Nxa2+ 34. Kb1 Nc3+ 35. Ka1 Qg3 36. Qe3 Qxh4 37. Rh5 Qe7 38. Rdh2 h6 39. Rxh6 1-0

[Event "Saarland-ch A 87th"]
[Site "Voelklingen"]
[Date "2012.03.31"]
[Round "2"]
[White "Roehrig, Andreas"]
[Black "Marburger, Martin"]
[Result "1/2-1/2"]
[WhiteElo "1661"]
[BlackElo "1750"]
[PlyCount "88"]
[EventDate "2012.03.30"]
[EventType "swiss"]
[EventRounds "6"]
[EventCountry "GER"]
[SourceTitle "EXT 2013"]
[Source "ChessBase"]
[SourceDate "2012.11.22"]
[SourceVersion "1"]
[SourceVersionDate "2012.11.22"]
[SourceQuality "1"]

1. e4 c5 2. Nc3 Nc6 3. g3 g6 4. Bg2 Bg7 5. f4 a6 6. Nf3 d6 7. 0-0 e6 8. d3 Nge7 9. Be3 b5 10. e5 f5 11. d4 cxd4 12. Nxd4 d5 13. Nce2 Bd7 14. Nb3 Kf7 15. Nc5 Qc7 16. Qd2 h5 17. h4 Rhd8 18. b4 Nc8 19. Nb3 Bf8 20. a3 Nb6 21. Bxb6 Qxb6+ 22. Kh2 a5 23. bxa5 Nxa5 24. Nxa5 Rxa5 25. Nd4 Rxa3 26. Rxa3 Bxa3 27. Rb1 Bc5 28. c3 Bxd4 29. cxd4 Ra8 30. Rb4 Ra4 31. Qb2 Qa5 32. Rxa4 Qxa4 33. Qc3 Qa7 34. Qb4 Qb6 35. Bf1 Ke8 36. Bd3 Kd8 37. Kg2 Kc8 38. Kf2 Kb7 39. Ke3 Qc7 40. Kd2 Kb6 41. Be2 Ka6 42. Kd1 Bc6 43. Qc5 Qb6 44. Qc3 Kb7 1/2-1/2

[Event "Saarland-ch A 87th"]
[Site "Voelklingen"]
[Date "2012.03.30"]
[Round "1"]
[White "Marburger, Martin"]
[Black "Saar, Christian"]
[Result "1-0"]
[WhiteElo "1750"]
[BlackElo "1639"]
[PlyCount "81"]
[EventDate "2012.03.30"]
[EventType "swiss"]
[EventRounds "6"]
[EventCountry "GER"]
[SourceTitle "EXT 2013"]
[Source "ChessBase"]
[SourceDate "2012.11.22"]
[SourceVersion "1"]
[SourceVersionDate "2012.11.22"]
[SourceQuality "1"]

1. e4 c5 2. Nf3 Nc6 3. d4 cxd4 4. Nxd4 g6 5. Be3 Bg7 6. Nc3 Nf6 7. f3 a6 8. Qd2 0-0 9. Bc4 b5 10. Bb3 Re8 11. 0-0-0 Bb7 12. g4 d6 13. h4 Na5 14. h5 Nxb3+ 15. Nxb3 Nd7 16. hxg6 fxg6 17. Qh2 Nf8 18. Bh6 Qb6 19. Bxg7 Qe3+ 20. Kb1 Kxg7 21. Rd3 Qg5 22. f4 Qf6 23. Na5 b4 24. Nd5 Bxd5 25. Rxd5 e5 26. f5 Ra7 27. Qh6+ Kg8 28. g5 Qg7 29. Qxg7+ Kxg7 30. f6+ Kf7 31. Rxd6 Re6 32. Rd5 Rc7 33. Rh3 h5 34. Rhd3 Nh7 35. Rd7+ Rxd7 36. Rxd7+ Kg8 37. Rg7+ Kh8 38. Rxg6 Nxg5 39. Rxg5 Rxf6 40. Rxh5+ Kg7 41. b3 1-0

[Event "Saarland-ch A 85th"]
[Site "Homburg"]
[Date "2010.04.03"]
[Round "9"]
[White "Marburger, Martin"]
[Black "Pocivalnik, Axel"]
[Result "1-0"]
[WhiteElo "1712"]
[BlackElo "1687"]
[PlyCount "53"]
[EventDate "2010.03.28"]
[EventType "swiss"]
[EventRounds "9"]
[EventCountry "GER"]
[SourceTitle "EXT 2011"]
[Source "ChessBase"]
[SourceDate "2010.11.26"]
[SourceVersion "1"]
[SourceVersionDate "2010.11.26"]
[SourceQuality "1"]

1. e4 Nf6 2. e5 Nd5 3. c4 Nb6 4. d4 d6 5. Nf3 Bg4 6. h3 Bf5 7. Nc3 e6 8. Be3 Be7 9. Be2 N8d7 10. Qd2 dxe5 11. dxe5 0-0 12. g4 Bg6 13. 0-0-0 Nc5 14. Qe1 Qc8 15. h4 h6 16. h5 Bh7 17. g5 hxg5 18. Nxg5 Bxg5 19. Bxg5 Qe8 20. Qg1 Kh8 21. h6 Kg8 22. hxg7 f6 23. gxf8Q+ Kxf8 24. Bh6+ Ke7 25. Qg7+ Qf7 26. exf6+ Ke8 27. Bh5 1-0

[Event "Saarland-ch A 85th"]
[Site "Homburg"]
[Date "2010.04.01"]
[Round "7"]
[White "Marburger, Martin"]
[Black "Holle, Eric"]
[Result "0-1"]
[WhiteElo "1712"]
[BlackElo "1703"]
[PlyCount "38"]
[EventDate "2010.03.28"]
[EventType "swiss"]
[EventRounds "9"]
[EventCountry "GER"]
[SourceTitle "EXT 2011"]
[Source "ChessBase"]
[SourceDate "2010.11.26"]
[SourceVersion "1"]
[SourceVersionDate "2010.11.26"]
[SourceQuality "1"]

1. e4 e6 2. d4 d5 3. Nc3 Nf6 4. Bg5 Be7 5. e5 Nfd7 6. h4 a6 7. Bxe7 Qxe7 8. Qg4 0-0 9. Bd3 c5 10. Nf3 f5 11. Qf4 Nc6 12. dxc5 Nxc5 13. 0-0-0 Ne4 14. Ng5 Qc7 15. Bxe4 fxe4 16. Qg4 Rxf2 17. Ncxe4 Nxe5 18. Nxf2 Nxg4 19. Nxg4 Qf4+ 0-1

[Event "Saarland-ch A"]
[Site "Schiffweiler"]
[Date "2009.04.11"]
[Round "9"]
[White "Frischmann, Rick"]
[Black "Marburger, Martin"]
[Result "0-1"]
[WhiteElo "1675"]
[BlackElo "1684"]
[PlyCount "68"]
[EventDate "2009.04.03"]
[EventType "swiss"]
[EventRounds "9"]
[EventCountry "GER"]
[SourceTitle "EXT 2012"]
[Source "ChessBase"]
[SourceDate "2011.11.24"]
[SourceVersion "1"]
[SourceVersionDate "2011.11.24"]
[SourceQuality "1"]

1. e4 c5 2. d4 cxd4 3. c3 Nf6 4. e5 Nd5 5. Bc4 Nb6 6. Bb3 e6 7. cxd4 Nc6 8. Nf3 d6 9. exd6 Qxd6 10. 0-0 Nd5 11. Nc3 Nxc3 12. bxc3 Be7 13. Be3 0-0 14. Qd3 Re8 15. Bc2 g6 16. Bg5 Bxg5 17. Nxg5 Qe7 18. f4 e5 19. d5 exf4 20. Rae1 Ne5 21. Qb5 Bd7 22. Rxe5 Qxe5 23. Qxd7 Qxg5 24. Bb3 f3 25. Rxf3 Re7 26. Qb5 Rae8 27. Bc4 a6 28. Qb3 Re1+ 29. Bf1 R8e2 30. Rg3 Qc1 31. Rf3 Rxf1+ 32. Rxf1 Re1 33. Qc4 Qe3+ 34. Kh1 Qf2 0-1

[Event "Saarland-ch A"]
[Site "Schiffweiler"]
[Date "2009.04.10"]
[Round "8"]
[White "Marburger, Martin"]
[Black "Courtial, Ralf"]
[Result "1/2-1/2"]
[WhiteElo "1684"]
[BlackElo "1726"]
[PlyCount "32"]
[EventDate "2009.04.03"]
[EventType "swiss"]
[EventRounds "9"]
[EventCountry "GER"]
[SourceTitle "EXT 2012"]
[Source "ChessBase"]
[SourceDate "2011.11.24"]
[SourceVersion "1"]
[SourceVersionDate "2011.11.24"]
[SourceQuality "1"]

1. e4 e6 2. d4 c5 3. Nf3 d5 4. e5 Nc6 5. c3 Bd7 6. Na3 cxd4 7. cxd4 a6 8. Nc2 Nb4 9. Nxb4 Bxb4+ 10. Bd2 Bxd2+ 11. Qxd2 h6 12. Bd3 Ne7 13. 0-0 Qb6 14. Rac1 0-0 15. g4 Bb5 16. Rc3 Bxd3 1/2-1/2

[Event "Saarland-ch A"]
[Site "Schiffweiler"]
[Date "2009.04.09"]
[Round "7"]
[White "Hessedenz, Armin"]
[Black "Marburger, Martin"]
[Result "0-1"]
[WhiteElo "1616"]
[BlackElo "1684"]
[PlyCount "88"]
[EventDate "2009.04.03"]
[EventType "swiss"]
[EventRounds "9"]
[EventCountry "GER"]
[SourceTitle "EXT 2012"]
[Source "ChessBase"]
[SourceDate "2011.11.24"]
[SourceVersion "1"]
[SourceVersionDate "2011.11.24"]
[SourceQuality "1"]

1. e4 c5 2. c3 Nf6 3. e5 Nd5 4. Qb3 e6 5. Bc4 Nb6 6. d4 Nc6 7. Bb5 cxd4 8. Nf3 Be7 9. cxd4 a6 10. Bd3 h6 11. 0-0 d6 12. Rd1 Bd7 13. Nc3 d5 14. a3 Rc8 15. Qc2 Na5 16. Qe2 Nb3 17. Rb1 Nc4 18. Be3 Nxa3 19. bxa3 Rxc3 20. Bd2 Nxd2 21. Qxd2 Rc7 22. Qb2 Bc6 23. Be2 Qd7 24. h3 0-0 25. Nh2 Ba4 26. Rdc1 Rxc1+ 27. Rxc1 Rc8 28. Ng4 Rxc1+ 29. Qxc1 Qc6 30. Qe3 Qc2 31. Bd3 Qd1+ 32. Kh2 Qb3 33. f4 Qxa3 34. Nf6+ gxf6 35. exf6 Bd6 36. Qg3+ Kf8 37. Qg7+ Ke8 38. Qg8+ Bf8 39. Bg6 fxg6 40. Qxe6+ Kd8 41. Qxd5+ Qd6 42. Qa5+ Kc8 43. Qxa4 Qxf4+ 44. Kh1 Qf1+ 0-1

[Event "Saarland-ch A"]
[Site "Schiffweiler"]
[Date "2009.04.08"]
[Round "6"]
[White "Marburger, Martin"]
[Black "Baeumer, Frank"]
[Result "0-1"]
[WhiteElo "1684"]
[BlackElo "1794"]
[PlyCount "110"]
[EventDate "2009.04.03"]
[EventType "swiss"]
[EventRounds "9"]
[EventCountry "GER"]
[SourceTitle "EXT 2012"]
[Source "ChessBase"]
[SourceDate "2011.11.24"]
[SourceVersion "1"]
[SourceVersionDate "2011.11.24"]
[SourceQuality "1"]

1. e4 e5 2. Nf3 Nc6 3. d4 exd4 4. Nxd4 Bc5 5. Nxc6 Qf6 6. Qe2 bxc6 7. Nc3 a5 8. e5 Qe7 9. Qe4 d5 10. exd6 cxd6 11. Qxe7+ Kxe7 12. Ne4 Bb6 13. Bd3 d5 14. Ng3 g6 15. 0-0 f6 16. Ne2 Kf7 17. Re1 Ne7 18. Ng3 Bd7 19. Bf4 Rae8 20. h3 h5 21. Bd6 h4 22. Ne2 Nf5 23. Bf4 g5 24. Bd2 Re7 25. Nc3 Rhe8 26. Na4 Bc7 27. Nc5 Bc8 28. Nb3 a4 29. Nc5 a3 30. Rxe7+ Rxe7 31. bxa3 Nd4 32. Re1 Be5 33. a4 Bxh3 34. c3 Ne6 35. Nxe6 Bxe6 36. a5 Ra7 37. a6 c5 38. Be3 d4 39. cxd4 cxd4 40. Bxg5 h3 41. gxh3 Bxh3 42. Rxe5 fxe5 43. Bd8 Be6 44. Bb6 Ra8 45. a7 Bd5 46. Kf1 Ke6 47. Ke2 Bxa2 48. Be4 Bd5 49. Bxd5+ Kxd5 50. f4 Kc6 51. Ba5 Rxa7 52. Bd2 e4 53. f5 Ra2 54. Kd1 Rxd2+ 55. Kxd2 Kd5 0-1

[Event "Saarland-ch B"]
[Site "Eppelborn"]
[Date "2008.03.26"]
[Round "4"]
[White "Marburger, Martin"]
[Black "Maier, Gennadi"]
[Result "1/2-1/2"]
[WhiteElo "1423"]
[BlackElo "1529"]
[PlyCount "48"]
[EventDate "2008.03.14"]
[EventType "swiss"]
[EventRounds "7"]
[EventCountry "GER"]
[SourceTitle "EXT 2010"]
[Source "ChessBase"]
[SourceDate "2010.11.25"]
[SourceVersion "1"]
[SourceVersionDate "2010.11.25"]
[SourceQuality "1"]

1. c4 e5 2. Nc3 Nf6 3. g3 Bc5 4. Bg2 d6 5. e3 0-0 6. d4 exd4 7. exd4 Re8+ 8. Nge2 Bb4 9. 0-0 Bxc3 10. Nxc3 c6 11. b4 Bg4 12. Qc2 Qd7 13. Bf4 Bh3 14. a4 Bxg2 15. Kxg2 d5 16. c5 Na6 17. b5 Nc7 18. Bxc7 Qxc7 19. a5 b6 20. axb6 axb6 21. Qb3 cxb5 22. Nxb5 Qc6 23. Nd6 bxc5 24. Nxe8 Rxe8 1/2-1/2